000 00573nam a22002417a 4500
003 UA-OsUOA
001 26475
007 ta
008 20040603b un ||||| |||| 00| 0 ukr d
100 _aНьютон Роберт
090 _a52(091)
_bН92
942 _cBK
040 _aUA-OsUOA
_brus
_cUA-OsUOA
_dUA-OsUOA
245 _aПреступление Клавдия Птолемея
300 _a384 с.
955 _a0
041 _arus
080 _a52(091)
260 _aМосква
_bНаука
_c1985
044 _aRU
650 7 _2UDC
999 _c312800
_d312800